Acta colombiana de psicología
La Revista Acta Colombiana de Psicología publica dos veces al año hallazgos originales de proyectos de investigación en Psicología, así como en conjunto con otras disciplinas, con el propósito de difundir este conocimiento en la comunidad académica y entre todas las personas interesadas en conocer l...
Saved in:
| Institution som forfatter: | |
|---|---|
| Format: | Tidsskrift |
| Sprog: | Spanish |
| Udgivet: |
Bogotá :
Universidad Católica de Colombia,
1998 -
|
| Fag: | |
| Online adgang: | Consulte los textos completos aquí |
| Tags: |
Tilføj Tag
Ingen Tags, Vær først til at tagge denne postø!
|
MARC
| LEADER | 00000nas a2200000 a 4500 | ||
|---|---|---|---|
| 001 | 001688 | ||
| 003 | OSt | ||
| 005 | 20190820081031.0 | ||
| 008 | 091110c1998 ck fr pf l0 a spa d | ||
| 999 | |c 5924 |d 5924 | ||
| 022 | |a 0123-9155 | ||
| 040 | |b spa |c cobobit | ||
| 041 | |a spa | ||
| 090 | |a Acc.Psi | ||
| 110 | 1 | |9 6328 |a Universidad Católica de Colombia | |
| 222 | |a Acta colombiana de psicología | ||
| 245 | 1 | |a Acta colombiana de psicología |c Universidad Católica de Colombia |h [Revista] | |
| 260 | |a Bogotá : |b Universidad Católica de Colombia, |c 1998 - | ||
| 270 | 0 | |a Av. Caracas No. 46-72 |c Bogotá |d Colombia |m revistaacta@ucatolica.edu.co | |
| 300 | |a n. : |b il; fotos. |c 29 cm. | ||
| 310 | |a Semestral | ||
| 362 | |a 1998 - | ||
| 500 | |a Descripción basada en: No.2 (Noviembre de 1999) | ||
| 520 | 3 | |a La Revista Acta Colombiana de Psicología publica dos veces al año hallazgos originales de proyectos de investigación en Psicología, así como en conjunto con otras disciplinas, con el propósito de difundir este conocimiento en la comunidad académica y entre todas las personas interesadas en conocer las últimas novedades. Progreso y aplicaciones de la psicología a diversos campos y necesidades de la sociedad contemporánea. | |
| 650 | 1 | 4 | |a Psicología |z Bogotá |v Publicaciones seriadas |9 7325 |
| 650 | 2 | 4 | |a Psicología clínica |v Publicaciones seriadas |9 7326 |
| 650 | 2 | 7 | |a Patología |v Publicaciones seriadas |2 Unesco |9 7327 |
| 856 | |u https://editorial.ucatolica.edu.co/ojsucatolica/revistas_ucatolica/index.php/acta-colombiana-psicologia/issue/archive |y Consulte los textos completos aquí | ||
| 942 | |2 LOC |c CR | ||